000
00248nam a2200133Ia 4500
100
_a
Kanetkar/ Yashavant
942
_c
BK
366
_f
20
245
_a
Let us Python
260
_b
BPB
_c
2021
300
_a
413
546
_a
ENGLISH
999
_c
20688
_d
20688